In search of the human mind
By this book, Robert J. Sternberg gives an innovative introduction to psychology, focusing on the evolution of ideas and dialectical thinking. This focus on the evolution of ideas is complimented by an examination of the evolution of organisms and the importance of adaptation to their environment
সংরক্ষণ করুন:
| প্রধান লেখক: | |
|---|---|
| বিন্যাস: | গ্রন্থ |
| ভাষা: | Undetermined |
| প্রকাশিত: |
Fort Worth
Harcourt Brace College Publishers
1995
|
| বিষয়গুলি: | |
| ট্যাগগুলো: |
ট্যাগ যুক্ত করুন
কোনো ট্যাগ নেই, প্রথমজন হিসাবে ট্যাগ করুন!
|
| Thư viện lưu trữ: | Trung tâm Học liệu Trường Đại học Cần Thơ |
|---|
| LEADER | 00843nam a2200205Ia 4500 | ||
|---|---|---|---|
| 001 | CTU_220629 | ||
| 008 | 210402s9999 xx 000 0 und d | ||
| 020 | |c 25 | ||
| 082 | |a 150 | ||
| 082 | |b S839 | ||
| 100 | |a Sternberg, Robert J. | ||
| 245 | 0 | |a In search of the human mind | |
| 245 | 0 | |c Robert J. Sternberg | |
| 260 | |a Fort Worth | ||
| 260 | |b Harcourt Brace College Publishers | ||
| 260 | |c 1995 | ||
| 520 | |a By this book, Robert J. Sternberg gives an innovative introduction to psychology, focusing on the evolution of ideas and dialectical thinking. This focus on the evolution of ideas is complimented by an examination of the evolution of organisms and the importance of adaptation to their environment | ||
| 650 | |a Tâm lý học,Psychology | ||
| 904 | |i Nguyên | ||
| 980 | |a Trung tâm Học liệu Trường Đại học Cần Thơ | ||